La violence en Abyme : Essai de psychocriminologie (notice n° 1933542)
[ vue normale ]
| 000 -LEADER | |
|---|---|
| fixed length control field | 01494cam a2200133 4500500 |
| 005 - DATE AND TIME OF LATEST TRANSACTION | |
| control field | 20260329024356.0 |
| 041 ## - LANGUAGE CODE | |
| Language code of text/sound track or separate title | fre |
| 042 ## - AUTHENTICATION CODE | |
| Authentication code | dc |
| 100 10 - MAIN ENTRY--PERSONAL NAME | |
| Personal name | Balier, Claude |
| Relator term | author |
| 245 00 - TITLE STATEMENT | |
| Title | La violence en Abyme : Essai de psychocriminologie |
| 260 ## - PUBLICATION, DISTRIBUTION, ETC. | |
| Name of publisher, distributor, etc. | Presses Universitaires de France,<br/> |
| Date of publication, distribution, etc. | 2005.<br/> |
| 520 ## - SUMMARY, ETC. | |
| Summary, etc. | La violence destructrice, tel est le sujet de l’ouvrage. Elle est normalement sanctionnée, son auteur est exclus de la société et considéré comme un monstre. Que peut dire le psychanalyste au-delà de la reconnaissance d’une pulsion de mort&#8239;? La violence est ausi en nous. Pour la saisir, il faut accompagner le monstre, l’intégrer, mais sans quitter de vue cette violence chargée de sens. «Telle est notre vision en abyme» précise l’auteur. Ce livre traite de la grande violence en la considérant comme un élément du développement humain à la suite de traumatismes psychologiques graves subis dans l’enfance. Pour comprendre l’ensemble du fonctionnement psychologique, descollaborateurs de l’auteur ont traité le traumatisme dans la petite enfance, le recours à la grande douleur psychosomatique, la relation avec un grand pervers, l’aide apportée par les tests projectifs et le travail social de réadaptation.Le mot abyme est utilisé en hommage à S. Lebovici qui avait inauguré la formule le «miroir en abyme». |
| 856 41 - ELECTRONIC LOCATION AND ACCESS | |
| Uniform Resource Identifier | <a href="https://shs.cairn.info/la-violence-en-abyme--9782130546580?lang=fr&redirect-ssocas=7080">https://shs.cairn.info/la-violence-en-abyme--9782130546580?lang=fr&redirect-ssocas=7080</a> |
Pas d'exemplaire disponible.




Réseaux sociaux